[Event "21. Copenhagen Open  (Politiken Cup)"]
[Site "Copenhagen"]
[Date "1999.07.03"]
[Round "1"]
[White "Adamski, Jan"]
[Black "Schyberg, Brian"]
[Result "1-0"]
[WhiteElo "2418"]
[BlackElo "1954"]
[PlyCount "83"]
[EventDate "1999.07.03"]
[EventType "swiss"]
[EventRounds "11"]
[EventCountry "DEN"]
[SourceDate "2004.01.01"]

1. c4 g6 2. d4 Bg7 3. Nf3 Nf6 4. Nc3 O-O 5. e4 d6 6. Be2 e5 7. d5 a5 8. O-O Na6
9. Bg5 h6 10. Be3 Ng4 11. Bc1 f5 12. exf5 gxf5 13. g3 Qe8 14. Nh4 Nf6 15. f4
exf4 16. Bxf4 Bd7 17. Qd2 Kh7 18. Rae1 Ne4 19. Nxe4 Qxe4 20. Nf3 Nc5 21. Rf2
Qe7 22. Bd3 Qf6 23. Be3 Kh8 24. Bd4 Qf7 25. Qxh6+ Kg8 26. Qd2 Rae8 27. Bc2 Qh5
28. Rxe8 Bxe8 29. Bxg7 Kxg7 30. Qxa5 f4 31. Qxc7+ Rf7 32. Qxd6 fxg3 33. Qxg3+
Kh8 34. Qe5+ Rg7+ 35. Rg2 Qxe5 36. Nxe5 Re7 37. Re2 Rg7+ 38. Kf2 Bh5 39. Re3
Rg5 40. b4 Na6 41. a3 Kg7 42. h4 1-0

[Event "21. Copenhagen Open  (Politiken Cup)"]
[Site "Copenhagen"]
[Date "1999.07.03"]
[Round "1"]
[White "Baburin, Alexander"]
[Black "Olsen, Claus"]
[Result "1-0"]
[WhiteElo "2593"]
[BlackElo "2064"]
[PlyCount "129"]
[EventDate "1999.07.03"]
[EventType "swiss"]
[EventRounds "11"]
[EventCountry "DEN"]
[SourceDate "2004.01.01"]

1. d4 Nf6 2. c4 e6 3. Nc3 Bb4 4. Qc2 O-O 5. a3 Bxc3+ 6. Qxc3 b6 7. Bg5 Bb7 8.
e3 d6 9. f3 Nbd7 10. Bd3 a5 11. Ne2 Re8 12. O-O Qe7 13. Qc2 h6 14. Bh4 g5 15.
Bf2 Kg7 16. e4 Rh8 17. Nc3 Nf8 18. e5 dxe5 19. dxe5 N6d7 20. Be4 Bxe4 21. Nxe4
Ng6 22. Qc3 Rhd8 23. Rfe1 c5 24. Bg3 Nb8 25. Rad1 Rxd1 26. Rxd1 Nc6 27. Nd6 Rd8
28. Qd3 Kg8 29. Qe4 Qc7 30. h4 gxh4 31. Bh2 Nd4 32. Re1 Qe7 33. Bf4 f5 34. exf6
Qxf6 35. Bh2 h3 36. Qg4 hxg2 37. Kxg2 Kh7 38. Bg3 Rf8 39. Ne4 Qxf3+ 40. Qxf3
Rxf3 41. Rf1 Rxf1 42. Kxf1 Nf5 43. Bc7 Ne3+ 44. Ke2 Nxc4 45. Kd3 Nxb2+ 46. Kc3
Na4+ 47. Kc4 Ne7 48. Kb5 Nd5 49. Be5 Kg6 50. Ba1 Kf5 51. Nd6+ Kf4 52. Kxa4 h5
53. Kb5 h4 54. Nf7 Ke4 55. Be5 Nf4 56. Bc7 h3 57. Ng5+ Kf5 58. Nxh3 Nxh3 59.
Bxb6 Nf4 60. Bxa5 Nd3 61. Kc4 Ke4 62. Bc3 e5 63. a4 Nf4 64. a5 Nd5 65. a6 1-0

[Event "21. Copenhagen Open  (Politiken Cup)"]
[Site "Copenhagen"]
[Date "1999.07.03"]
[Round "1"]
[White "Barkhagen, Jonas"]
[Black "Bering, Anders"]
[Result "1-0"]
[WhiteElo "2442"]
[BlackElo "2007"]
[PlyCount "73"]
[EventDate "1999.07.03"]
[EventType "swiss"]
[EventRounds "11"]
[EventCountry "DEN"]
[SourceDate "2004.01.01"]

1. d4 Nf6 2. c4 e6 3. Nf3 d5 4. Nc3 dxc4 5. e3 a6 6. a4 c5 7. Bxc4 Nc6 8. O-O
Be7 9. dxc5 Qxd1 10. Rxd1 Bxc5 11. Bd2 b6 12. Na2 Ne4 13. Be1 Bb7 14. b4 Be7
15. Rac1 Nd6 16. Bf1 Rc8 17. b5 axb5 18. axb5 Na5 19. Ne5 Bd5 20. Rxc8+ Nxc8
21. Nb4 Bb3 22. Rc1 O-O 23. Na6 Ba3 24. Rb1 Bc2 25. Ra1 Bb2 26. Ra2 Bxe5 27.
Rxc2 Nb7 28. g3 Na7 29. f4 Bd6 30. Kf2 Nc5 31. Kf3 Rd8 32. Nb4 Rc8 33. Ra2 Rc7
34. g4 f6 35. Bc4 Kf7 36. h4 Ke7 37. Rxa7 1-0

[Event "21. Copenhagen Open  (Politiken Cup)"]
[Site "Copenhagen"]
[Date "1999.07.03"]
[Round "1"]
[White "Bekker Jensen, Anne"]
[Black "Dinesen, Henrik"]
[Result "1-0"]
[WhiteElo "2074"]
[BlackElo "1129"]
[PlyCount "71"]
[EventDate "1999.07.03"]
[EventType "swiss"]
[EventRounds "11"]
[EventCountry "DEN"]
[SourceDate "2004.01.01"]

1. d4 Nf6 2. c4 e6 3. Nc3 d5 4. cxd5 exd5 5. Bg5 Be7 6. e3 c6 7. Bd3 h6 8. Bh4
O-O 9. Qc2 Na6 10. a3 Nc7 11. Nf3 Re8 12. O-O Ne6 13. b4 Bd7 14. b5 c5 15. dxc5
Nxc5 16. Nd4 Rc8 17. Bxf6 Bxf6 18. Nxd5 Be5 19. Rac1 Ne6 20. Qa4 Nc5 21. Qc4
Ne6 22. Qb4 Ng5 23. Rxc8 Bxc8 24. Qb3 Ne6 25. Nxe6 Bxe6 26. Bc4 Qc8 27. f4 Bd6
28. Kh1 Qd7 29. e4 Rc8 30. Rd1 Bxd5 31. Bxd5 Bxf4 32. Bc6 Qe7 33. Qh3 Rc7 34.
Bd5 Rc1 35. Rxc1 Bxc1 36. Qc8+ 1-0

[Event "21. Copenhagen Open  (Politiken Cup)"]
[Site "Copenhagen"]
[Date "1999.07.03"]
[Round "1"]
[White "Bekker Jensen, David"]
[Black "Arngrimsson, Dagur"]
[Result "1-0"]
[WhiteElo "2264"]
[BlackElo "1725"]
[PlyCount "95"]
[EventDate "1999.07.03"]
[EventType "swiss"]
[EventRounds "11"]
[EventCountry "DEN"]
[SourceDate "2004.01.01"]

1. d4 d5 2. c4 e6 3. Nc3 Nf6 4. cxd5 exd5 5. Bg5 Nbd7 6. e3 c6 7. Bd3 Be7 8.
Qc2 O-O 9. Nf3 Re8 10. O-O Nf8 11. h3 Ne4 12. Bf4 Nxc3 13. bxc3 Bd6 14. Bxd6
Qxd6 15. c4 dxc4 16. Bxc4 Be6 17. Bd3 Qd5 18. e4 Qh5 19. Be2 Qg6 20. Ne5 Qf6
21. f4 Qd8 22. Rad1 f6 23. Nf3 Qa5 24. Bc4 Kh8 25. Bxe6 Nxe6 26. f5 Nc7 27. Kh1
Rad8 28. Rfe1 Re7 29. e5 Nd5 30. Qb3 Rde8 31. Rc1 Qb4 32. Qd3 Qb2 33. Qc2 Qxc2
34. Rxc2 fxe5 35. dxe5 Rf7 36. g4 Rfe7 37. e6 Nf4 38. Re4 Nd5 39. Kg2 Rd8 40.
Kg3 Nf6 41. Re3 Rd5 42. g5 Ne8 43. Ne5 Kg8 44. Rf2 Nc7 45. Rb2 Rb5 46. Rxb5
Nxb5 47. Rd3 Re8 48. f6 1-0

[Event "21. Copenhagen Open  (Politiken Cup)"]
[Site "Copenhagen"]
[Date "1999.07.03"]
[Round "1"]
[White "Birgisdottir, Ingibjorg Edda"]
[Black "Petersen, Lars"]
[Result "1/2-1/2"]
[WhiteElo "1295"]
[BlackElo "2096"]
[PlyCount "66"]
[EventDate "1999.07.03"]
[EventType "swiss"]
[EventRounds "11"]
[EventCountry "DEN"]
[SourceDate "2004.01.01"]

1. e4 d5 2. exd5 Qxd5 3. Nc3 Qa5 4. Nf3 Nf6 5. d3 c6 6. Be2 Bg4 7. h3 Bf5 8.
Be3 e6 9. a3 Nbd7 10. O-O h6 11. Qd2 Qc7 12. Bf4 Bd6 13. Bxd6 Qxd6 14. Rfe1 O-O
15. Bf1 Rad8 16. Rad1 Rfe8 17. Ne4 Bxe4 18. dxe4 Qxd2 19. Rxd2 Nc5 20. Rxd8
Rxd8 21. e5 Nh5 22. b4 Na4 23. Bd3 Nf4 24. Be4 Nc3 25. Re3 Rd1+ 26. Kh2 Nfd5
27. Bxd5 Nxd5 28. Rd3 Rxd3 29. cxd3 Nf4 30. Ne1 Ng6 31. d4 Nf4 32. Nc2 Kf8 33.
g3 Nd5 {=} 1/2-1/2

[Event "21. Copenhagen Open  (Politiken Cup)"]
[Site "Copenhagen"]
[Date "1999.07.03"]
[Round "1"]
[White "Bogdanov, Dimitri"]
[Black "Berg, Olaf"]
[Result "1-0"]
[WhiteElo "2175"]
[BlackElo "1530"]
[PlyCount "81"]
[EventDate "1999.07.03"]
[EventType "swiss"]
[EventRounds "11"]
[EventCountry "DEN"]
[SourceDate "2004.01.01"]

1. e4 c5 2. Nc3 Nc6 3. f4 d6 4. Nf3 Nf6 5. Bb5 Bd7 6. O-O Qc7 7. d3 e6 8. Kh1
a6 9. Bxc6 Bxc6 10. a4 b6 11. Qe1 Qb7 12. Bd2 Be7 13. h3 h5 14. Ng5 Rc8 15. f5
e5 16. Nf3 Kd7 17. Ne2 a5 18. c3 c4 19. d4 Bxe4 20. dxe5 Bxf3 21. e6+ fxe6 22.
fxe6+ Kxe6 23. Nd4+ Kd7 24. Qe6+ Kd8 25. Rxf3 Qd7 26. Qe2 Kc7 27. Qxc4+ Kb7 28.
Qd3 d5 29. Nf5 Bc5 30. b4 Ng4 31. bxc5 Ne5 32. Nd6+ Kb8 33. Qxd5 Nxf3 34. Qxf3
Rxc5 35. Rb1 Qc6 36. Qg3 Ka8 37. Be3 Rxc3 38. Rxb6 Qxb6 39. Qxg7 Qb8 40. Qxc3
Qb1+ 41. Kh2 1-0

[Event "21. Copenhagen Open  (Politiken Cup)"]
[Site "Copenhagen"]
[Date "1999.07.03"]
[Round "1"]
[White "Brameld, Arthur F"]
[Black "McShane, Rod"]
[Result "1-0"]
[WhiteElo "2109"]
[BlackElo "1352"]
[PlyCount "27"]
[EventDate "1999.07.03"]
[EventType "swiss"]
[EventRounds "11"]
[EventCountry "DEN"]
[SourceDate "2004.01.01"]

1. e4 c5 2. Nf3 d6 3. d4 cxd4 4. Qxd4 Nc6 5. Bb5 Bd7 6. Bxc6 Bxc6 7. Nc3 Nf6 8.
Bg5 e5 9. Qd3 Qb6 10. Bxf6 gxf6 11. Rb1 Bh6 12. Qxd6 Bg7 13. Nd5 Qa5+ 14. b4
1-0

[Event "21. Copenhagen Open  (Politiken Cup)"]
[Site "Copenhagen"]
[Date "1999.07.03"]
[Round "1"]
[White "Brantzeg, Pal"]
[Black "Gunter, David WW"]
[Result "0-1"]
[WhiteElo "1476"]
[BlackElo "2146"]
[PlyCount "87"]
[EventDate "1999.07.03"]
[EventType "swiss"]
[EventRounds "11"]
[EventCountry "DEN"]
[SourceDate "2004.01.01"]

1. d4 Nf6 2. Nf3 g6 3. e3 Bg7 4. Bd3 O-O 5. O-O d6 6. b4 Re8 7. Bb2 Nbd7 8. e4
e5 9. d5 Nh5 10. c4 f5 11. Nc3 f4 12. Be2 Nhf6 13. a4 a5 14. Ba3 h6 15. Qc2 g5
16. h3 Kh8 17. Nh2 Rg8 18. bxa5 Bf8 19. Ng4 h5 20. Nxf6 Nxf6 21. f3 Bh6 22. Kh2
g4 23. Rg1 g3+ 24. Kh1 Nh7 25. Bf1 Qh4 26. Ne2 Ng5 27. Nxf4 Qxf4 28. Bc1 Qh4
29. Bxg5 Bxg5 30. c5 Bf4 31. cxd6 cxd6 32. Ra2 Qd8 33. a6 bxa6 34. Qc6 Rb8 35.
Bxa6 Rb6 36. Qxc8 Qxc8 37. Bxc8 Rxc8 38. a5 Ra6 39. Rb1 Be3 40. Rf1 Rc5 41. Rb1
Rcxa5 42. Rb8+ Kg7 43. Rb7+ Kf6 44. Rf7+ 0-1

[Event "21. Copenhagen Open  (Politiken Cup)"]
[Site "Copenhagen"]
[Date "1999.07.03"]
[Round "1"]
[White "Brinck Claussen, Bjorn"]
[Black "Hansen, Anders"]
[Result "1-0"]
[WhiteElo "2354"]
[BlackElo "1937"]
[PlyCount "58"]
[EventDate "1999.07.03"]
[EventType "swiss"]
[EventRounds "11"]
[EventCountry "DEN"]
[SourceDate "2004.01.01"]

1. e4 c5 2. Nf3 e6 3. d4 cxd4 4. Nxd4 Qb6 5. Nb3 Qc7 6. g3 Nf6 7. Bg2 Be7 8.
Nc3 a6 9. O-O d6 10. a4 O-O 11. a5 Nc6 12. Be3 Nd7 13. f4 Nc5 14. Na4 Nxa4 15.
Rxa4 Bd7 16. Bb6 Qc8 17. Rc4 Qe8 18. g4 Rc8 19. g5 f6 20. h4 fxg5 21. hxg5 Qf7
22. Rc3 Nb4 23. Rxc8 Rxc8 24. c3 Nc6 25. Nc5 dxc5 26. Qxd7 Rb8 27. Bh3 Qh5 28.
Bxe6+ Kf8 29. Bc4 Qh4 1-0

[Event "21. Copenhagen Open  (Politiken Cup)"]
[Site "Copenhagen"]
[Date "1999.07.03"]
[Round "1"]
[White "Byrn, Carsten"]
[Black "Bosch, Jeroen"]
[Result "1/2-1/2"]
[WhiteElo "2055"]
[BlackElo "2433"]
[PlyCount "111"]
[EventDate "1999.07.03"]
[EventType "swiss"]
[EventRounds "11"]
[EventCountry "DEN"]
[SourceDate "2004.01.01"]

1. d4 f5 2. Nf3 Nf6 3. g3 g6 4. Bg2 Bg7 5. O-O O-O 6. c4 d6 7. Nc3 c6 8. d5 Bd7
9. Rb1 Na6 10. b4 Qe8 11. dxc6 bxc6 12. a3 Nc7 13. Bb2 Ne6 14. e3 h6 15. b5 Rc8
16. a4 g5 17. Ne2 c5 18. Nc3 Nd8 19. Nd5 Nxd5 20. Qxd5+ Be6 21. Qd3 Qf7 22. Nd2
Bxb2 23. Rxb2 Qg7 24. Rc2 f4 25. exf4 gxf4 26. Bd5 Kh8 27. Bxe6 Nxe6 28. Nf3
Rf6 29. Rcc1 Rcf8 30. Kh1 Qf7 31. g4 Rg8 32. Rg1 Ng5 33. Nxg5 hxg5 34. f3 Kg7
35. a5 Rh8 36. b6 axb6 37. axb6 Rb8 38. Rb1 e5 39. Qe4 Qb7 40. Qe2 Qc6 41. Qe4
Qxe4 42. fxe4 d5 43. cxd5 Rfxb6 44. Rxb6 Rxb6 45. Rc1 Rb4 46. Rxc5 Rxe4 47.
Rc7+ Kf6 48. Rc6+ Kf7 49. Rc7+ Kf6 50. Rc6+ Ke7 51. Kg2 Re2+ 52. Kf3 Re3+ 53.
Kf2 Kf7 54. Rc7+ Kf6 55. Rc6+ Kf7 56. Rc7+ 1/2-1/2

[Event "21. Copenhagen Open  (Politiken Cup)"]
[Site "Copenhagen"]
[Date "1999.07.03"]
[Round "1"]
[White "Carlsson, Pontus"]
[Black "Jorgensen, Carina Eilegaard"]
[Result "1-0"]
[WhiteElo "2186"]
[BlackElo "1574"]
[PlyCount "51"]
[EventDate "1999.07.03"]
[EventType "swiss"]
[EventRounds "11"]
[EventCountry "DEN"]
[SourceDate "2004.01.01"]

1. e4 c5 2. Nf3 d6 3. d4 cxd4 4. Nxd4 Nf6 5. Nc3 g6 6. Be3 Bg7 7. f3 O-O 8. Qd2
Nc6 9. Bc4 Bd7 10. O-O-O Rc8 11. Bb3 Ne5 12. h4 Nc4 13. Bxc4 Rxc4 14. g4 Qa5
15. Nb3 Qa6 16. h5 Rfc8 17. hxg6 hxg6 18. e5 Nh7 19. Rxh7 Kxh7 20. Rh1+ Kg8 21.
Qh2 e6 22. Qh7+ Kf8 23. Bh6 Bxh6+ 24. Qxh6+ Ke8 25. Qh8+ Ke7 26. Qf6+ 1-0

[Event "21. Copenhagen Open  (Politiken Cup)"]
[Site "Copenhagen"]
[Date "1999.07.03"]
[Round "1"]
[White "Christensen, Stefan"]
[Black "Raunkjaer, Jonas"]
[Result "1-0"]
[WhiteElo "2196"]
[BlackElo "1607"]
[PlyCount "73"]
[EventDate "1999.07.03"]
[EventType "swiss"]
[EventRounds "11"]
[EventCountry "DEN"]
[SourceDate "2004.01.01"]

1. e4 e5 2. Nf3 Nc6 3. Bb5 a6 4. Ba4 Nf6 5. d4 b5 6. Bb3 Nxe4 7. dxe5 Nc5 8.
O-O Be7 9. Nc3 O-O 10. Nd5 Ne6 11. Re1 Bc5 12. Be3 Bxe3 13. Nxe3 Bb7 14. c3 Ng5
15. Nd4 Ne6 16. Nxc6 Bxc6 17. Bd5 Bxd5 18. Qxd5 Nf4 19. Qe4 Ng6 20. f4 Re8 21.
Rad1 d6 22. Qf5 Qb8 23. Nc2 Qb6+ 24. Kh1 dxe5 25. fxe5 Qe6 26. Qe4 Qxa2 27. Nd4
Rad8 28. Qc6 Qxb2 29. e6 f6 30. Qxc7 Nh4 31. Qc6 Rc8 32. Qe4 Ng6 33. Nf5 Qxc3
34. e7 Rc7 35. Qe6+ Kh8 36. Qf7 Rexe7 37. Rd8+ 1-0

[Event "21. Copenhagen Open  (Politiken Cup)"]
[Site "Copenhagen"]
[Date "1999.07.03"]
[Round "1"]
[White "Dalso, Harry"]
[Black "Backlund, Anders"]
[Result "0-1"]
[WhiteElo "1731"]
[BlackElo "2265"]
[PlyCount "56"]
[EventDate "1999.07.03"]
[EventType "swiss"]
[EventRounds "11"]
[EventCountry "DEN"]
[SourceDate "2004.01.01"]

1. d4 e6 2. c4 Nf6 3. Nc3 Bb4 4. Qc2 Nc6 5. Nf3 d6 6. Bg5 h6 7. Bh4 Qe7 8. e3
e5 9. d5 Bxc3+ 10. bxc3 Nb8 11. Nd2 Nbd7 12. Ne4 g5 13. Nxf6+ Qxf6 14. Bg3 Nc5
15. e4 g4 16. Be2 h5 17. f3 h4 18. Bf2 h3 19. g3 gxf3 20. Bxc5 fxe2 21. Bf2 Bg4
22. c5 Qf3 23. Rg1 f5 24. exf5 Rf8 25. Qa4+ Kd8 26. Rc1 Rxf5 27. cxd6 Qxf2+ 28.
Kd2 e1=Q+ 0-1

[Event "21. Copenhagen Open  (Politiken Cup)"]
[Site "Copenhagen"]
[Date "1999.07.03"]
[Round "1"]
[White "Dongart, Dennis"]
[Black "Jacobsen, Jesper Howalt"]
[Result "1-0"]
[WhiteElo "2095"]
[BlackElo "1180"]
[PlyCount "57"]
[EventDate "1999.07.03"]
[EventType "swiss"]
[EventRounds "11"]
[EventCountry "DEN"]
[SourceDate "2004.01.01"]

1. e4 d6 2. d4 Nd7 3. Nf3 e6 4. Nc3 Be7 5. Bc4 Nb6 6. Bb3 Nf6 7. O-O O-O 8. Bg5
Ne8 9. Bf4 Nf6 10. Qe2 Nbd7 11. Rad1 b6 12. Rfe1 Re8 13. e5 Nh5 14. Bc1 g6 15.
Ne4 d5 16. Ng3 Nxg3 17. hxg3 Bb7 18. c3 a5 19. Kh2 h5 20. Qe3 Nf8 21. Bc2 c5
22. Rh1 cxd4 23. cxd4 Qc7 24. Bb1 f6 25. g4 hxg4 26. Kg1 g5 27. exf6 Bxf6 28.
Ne5 Re7 29. Nxg4 {Time} 1-0

[Event "21. Copenhagen Open  (Politiken Cup)"]
[Site "Copenhagen"]
[Date "1999.07.03"]
[Round "1"]
[White "Elakany, Mohammed"]
[Black "Mortensen, Henrik"]
[Result "0-1"]
[WhiteElo "1172"]
[BlackElo "2078"]
[PlyCount "124"]
[EventDate "1999.07.03"]
[EventType "swiss"]
[EventRounds "11"]
[EventCountry "DEN"]
[SourceDate "2004.01.01"]

1. e4 c5 2. Bc4 e6 3. c3 Nc6 4. d4 d5 5. exd5 exd5 6. Bb3 Nf6 7. Bg5 Be6 8. Nf3
Be7 9. Bxf6 Bxf6 10. dxc5 O-O 11. O-O Qa5 12. Bxd5 Rad8 13. c4 Bxb2 14. Nbd2
Bxa1 15. Bxe6 fxe6 16. Qxa1 Rxd2 17. Nxd2 Qxd2 18. Qe1 Qxe1 19. Rxe1 Kf7 20.
Rb1 Rb8 21. f3 b6 22. cxb6 Rxb6 23. Rxb6 axb6 24. Kf2 Na5 25. Ke3 Nxc4+ 26. Kd4
Nd6 27. Ke5 Ke7 28. g4 Nb5 29. f4 Nc3 30. a3 Nb1 31. a4 Nc3 32. Kd4 Nxa4 33.
Kc4 Nc5 34. Kb5 Nd3 35. Kxb6 Nxf4 36. Kc5 Ne2 37. Kc4 Ng1 38. Kd3 Nf3 39. h3
Ng1 40. h4 Nf3 41. g5 Nxh4 42. Ke4 Kf7 43. Kf4 Kg6 44. Kg4 Nf3 45. Kxf3 Kxg5
46. Kg3 e5 47. Kf3 h5 48. Kg3 e4 49. Kf2 Kf4 50. Kg2 e3 51. Kf1 Kf3 52. Ke1 h4
53. Kf1 h3 54. Ke1 g6 55. Kd1 h2 56. Kc2 h1=Q 57. Kc3 e2 58. Kd4 e1=Q 59. Kd5
Qe4+ 60. Kc5 Qc1+ 61. Kb5 Qcc6+ 62. Ka5 Qea4# 0-1

[Event "21. Copenhagen Open  (Politiken Cup)"]
[Site "Copenhagen"]
[Date "1999.07.03"]
[Round "1"]
[White "Gabrielsen, Stig"]
[Black "Gislason, Ingolfur"]
[Result "1-0"]
[WhiteElo "2295"]
[BlackElo "1810"]
[PlyCount "75"]
[EventDate "1999.07.03"]
[EventType "swiss"]
[EventRounds "11"]
[EventCountry "DEN"]
[SourceDate "2004.01.01"]

1. e4 e6 2. d4 d5 3. Nc3 Bb4 4. e5 c5 5. a3 Ba5 6. b4 cxd4 7. Nb5 Bc7 8. f4 Nc6
9. Nf3 Nge7 10. Bd3 a6 11. Nxc7+ Qxc7 12. O-O Bd7 13. Qe1 Nf5 14. Rb1 Nce7 15.
g4 Ne3 16. Bxe3 dxe3 17. Qxe3 h5 18. h3 hxg4 19. hxg4 d4 20. Qxd4 Bc6 21. c4
Rd8 22. Qe3 Ng6 23. Rb2 Rxd3 24. Qxd3 Nxf4 25. Qe3 Nh3+ 26. Kg2 g5 27. Kg3 f5
28. Qd4 Nf4 29. Nxg5 Nd3 30. Rh2 f4+ 31. Rxf4 Rxh2 32. Kxh2 Nxf4 33. Qxf4 Qd7
34. Kg3 b5 35. Kh4 bxc4 36. Qxc4 Bd5 37. Qxa6 Qe7 38. Qc8+ 1-0

[Event "21. Copenhagen Open  (Politiken Cup)"]
[Site "Copenhagen"]
[Date "1999.07.03"]
[Round "1"]
[White "Hansen, Erik Svaerke"]
[Black "Naes, Flovin Tor"]
[Result "0-1"]
[WhiteElo "1626"]
[BlackElo "2222"]
[PlyCount "60"]
[EventDate "1999.07.03"]
[EventType "swiss"]
[EventRounds "11"]
[EventCountry "DEN"]
[SourceDate "2004.01.01"]

1. d4 f5 2. e4 fxe4 3. Nc3 Nf6 4. g4 d5 5. g5 Ng8 6. Bf4 Bf5 7. Qd2 e6 8. O-O-O
Bd6 9. f3 Ne7 10. fxe4 dxe4 11. Bg2 Nd5 12. Nxd5 exd5 13. Ne2 O-O 14. Be3 Nd7
15. h4 Nb6 16. b3 c6 17. c3 a5 18. a4 Qc7 19. Kb2 Nd7 20. Nf4 Rab8 21. Rdf1 b5
22. axb5 Rxb5 23. Ka2 Rfb8 24. Rb1 Be7 25. Qc2 Qd6 26. Bc1 c5 27. Bf1 c4 28.
bxc4 Rxb1 29. Qxb1 Rxb1 30. Kxb1 e3+ 0-1

[Event "21. Copenhagen Open  (Politiken Cup)"]
[Site "Copenhagen"]
[Date "1999.07.03"]
[Round "1"]
[White "Hansen, Morten Lyck"]
[Black "Nilssen, John Arni"]
[Result "0-1"]
[WhiteElo "1847"]
[BlackElo "2326"]
[PlyCount "50"]
[EventDate "1999.07.03"]
[EventType "swiss"]
[EventRounds "11"]
[EventCountry "DEN"]
[SourceDate "2004.01.01"]

1. e4 c5 2. Nf3 Nc6 3. c3 d5 4. exd5 Qxd5 5. Be2 e5 6. d3 Bf5 7. O-O Rd8 8. Qa4
Bd6 9. Rd1 Bb8 10. Na3 Nge7 11. d4 cxd4 12. cxd4 e4 13. Ne5 O-O 14. Nxc6 Nxc6
15. Be3 a6 16. Qc4 Qd6 17. g3 Ba7 18. Bf4 Qf6 19. d5 Nd4 20. Rd2 b5 21. Qc1
Rxd5 22. Qe1 g5 23. Be3 Bh3 24. Bxd4 Bxd4 25. Bf1 Bxf1 0-1

[Event "21. Copenhagen Open  (Politiken Cup)"]
[Site "Copenhagen"]
[Date "1999.07.03"]
[Round "1"]
[White "Hansen, Soren Asger"]
[Black "Hvenekilde, Jorgen"]
[Result "0-1"]
[WhiteElo "1683"]
[BlackElo "2239"]
[PlyCount "118"]
[EventDate "1999.07.03"]
[EventType "swiss"]
[EventRounds "11"]
[EventCountry "DEN"]
[SourceDate "2004.01.01"]

1. e4 e5 2. Nf3 d6 3. d4 exd4 4. Bc4 Bg4 5. O-O Nc6 6. Bb5 Be7 7. Qxd4 Bxf3 8.
gxf3 Bf6 9. Qc4 Nge7 10. Nc3 O-O 11. Bxc6 Nxc6 12. Nd5 Re8 13. c3 Ne5 14. Qe2
c6 15. Ne3 Ng6 16. Ng2 d5 17. Rd1 Qc8 18. Bd2 Qh3 19. Nf4 Qh4 20. Ng2 Qh5 21.
Re1 Nh4 22. Nxh4 Qxh4 23. Qf1 dxe4 24. fxe4 Rxe4 25. Rxe4 Qxe4 26. Re1 Qg4+ 27.
Qg2 Qxg2+ 28. Kxg2 Rd8 29. Re2 h6 30. a3 Kh7 31. Be3 b6 32. Re1 Kg6 33. Rg1 Kf5
34. Kf3 c5 35. Ke2 Bg5 36. Bxg5 hxg5 37. f3 Rh8 38. Rg2 f6 39. Kf2 Rd8 40. Ke2
g6 41. Rg4 Rh8 42. Rg2 Rh4 43. Ke3 Rh3 44. Kf2 Ke6 45. Ke2 f5 46. Kf2 Kf6 47.
Ke2 Ke5 48. Rf2 Kf4 49. a4 c4 50. Rg2 Rxf3 51. a5 g4 52. axb6 axb6 53. Rg1 Rh3
54. Rf1+ Ke4 55. Rf2 f4 56. Ke1 Re3+ 57. Kd2 g5 58. Rg2 Kf3 59. Rg1 Re2+ 0-1

[Event "21. Copenhagen Open  (Politiken Cup)"]
[Site "Copenhagen"]
[Date "1999.07.03"]
[Round "1"]
[White "Hardarson, Robert"]
[Black "Moller, Arne"]
[Result "1-0"]
[WhiteElo "2331"]
[BlackElo "1865"]
[PlyCount "68"]
[EventDate "1999.07.03"]
[EventType "swiss"]
[EventRounds "11"]
[EventCountry "DEN"]
[SourceDate "2004.01.01"]

1. e4 c5 2. d4 cxd4 3. c3 dxc3 4. Nxc3 d6 5. Nf3 Nc6 6. Bc4 e6 7. O-O Nf6 8.
Qe2 a6 9. Rd1 Qc7 10. Bg5 Be7 11. Rac1 O-O 12. Bb3 Rd8 13. Nd5 Nxd5 14. exd5
Bxg5 15. Nxg5 Qe7 16. Nxf7 Qxf7 17. dxc6 bxc6 18. Rxc6 d5 19. Rc3 a5 20. Qe5
Ra7 21. Rdc1 Ba6 22. Rc6 Bc4 23. Bxc4 dxc4 24. R6xc4 Rad7 25. h3 Rd2 26. Rf4
R2d5 27. Qe3 Qd7 28. Re1 Rd2 29. Qb6 Rf8 30. Rxf8+ Kxf8 31. Qxa5 Qd4 32. Qa8+
Ke7 33. Qb7+ Kf8 34. Qc8+ Ke7 1-0

[Event "21. Copenhagen Open  (Politiken Cup)"]
[Site "Copenhagen"]
[Date "1999.07.03"]
[Round "1"]
[White "Hartvig, Ove Weiss"]
[Black "Clausen, Mikkel"]
[Result "1/2-1/2"]
[WhiteElo "2289"]
[BlackElo "1787"]
[PlyCount "71"]
[EventDate "1999.07.03"]
[EventType "swiss"]
[EventRounds "11"]
[EventCountry "DEN"]
[SourceDate "2004.01.01"]

1. e4 c6 2. d4 d5 3. e5 Bf5 4. Nf3 e6 5. Be2 c5 6. O-O Nc6 7. Be3 c4 8. b3 b5
9. a4 a6 10. Ne1 Bb4 11. g4 Bg6 12. f4 f5 13. c3 Be7 14. g5 h6 15. h4 hxg5 16.
hxg5 Na5 17. Nd2 Qc8 18. b4 Nc6 19. Ng2 Kd7 20. Kf2 Bd8 21. Rh1 Rxh1 22. Qxh1
Nge7 23. Qh8 Bb6 24. Qxg7 Qh8 25. Qh6 Qxh6 26. gxh6 Rh8 27. axb5 axb5 28. Rh1
Ng8 29. Nf3 Nxh6 30. Kg3 Nf7 31. Rxh8 Nxh8 32. Ng5 Bd8 33. Nh4 Ne7 34. Bd2 Bc7
35. Nxg6 Nexg6 36. Bh5 1/2-1/2

[Event "21. Copenhagen Open  (Politiken Cup)"]
[Site "Copenhagen"]
[Date "1999.07.03"]
[Round "1"]
[White "Hedman, Erik"]
[Black "Ronsted, Torben"]
[Result "1-0"]
[WhiteElo "2348"]
[BlackElo "1915"]
[PlyCount "75"]
[EventDate "1999.07.03"]
[EventType "swiss"]
[EventRounds "11"]
[EventCountry "DEN"]
[SourceDate "2004.01.01"]

1. d4 Nf6 2. c4 d6 3. Nc3 Nbd7 4. e4 e5 5. Nf3 Be7 6. Be2 c6 7. O-O O-O 8. Re1
a6 9. Rb1 b5 10. b4 Bb7 11. Qc2 Qb8 12. Bb2 Re8 13. Bf1 Bf8 14. a3 exd4 15.
Nxd4 Qa7 16. Rbd1 Ne5 17. cxb5 axb5 18. Nf5 Rad8 19. Bc1 Bc8 20. Nd4 Bg4 21.
Be2 Bxe2 22. Qxe2 Qa8 23. f4 Nc4 24. Qa2 Rd7 25. Qb3 Ra7 26. a4 d5 27. axb5 Rb7
28. Nxc6 Nb6 29. e5 d4 30. Rxd4 Nbd7 31. Red1 Rxb5 32. Nxb5 Qxc6 33. Nd6 Qb6
34. Nxe8 Nxe8 35. Be3 Nc5 36. Rd8 Qxd8 37. Rxd8 Nxb3 38. Rxe8 1-0

[Event "21. Copenhagen Open  (Politiken Cup)"]
[Site "Copenhagen"]
[Date "1999.07.03"]
[Round "1"]
[White "Helin, Mikael"]
[Black "Haagen Larsen, Hans"]
[Result "1-0"]
[WhiteElo "2200"]
[BlackElo "1612"]
[PlyCount "39"]
[EventDate "1999.07.03"]
[EventType "swiss"]
[EventRounds "11"]
[EventCountry "DEN"]
[SourceDate "2004.01.01"]

1. e4 e6 2. Nf3 d5 3. e5 c5 4. d4 Nd7 5. c3 Ne7 6. Bd3 Nc6 7. a3 cxd4 8. cxd4
f6 9. Qe2 fxe5 10. dxe5 Qc7 11. Bf4 Be7 12. Nc3 a6 13. Rc1 O-O 14. g3 d4 15. h4
dxc3 16. Bxh7+ Kh8 17. Rxc3 Nb6 18. Bg6 Nd5 19. Ng5 Nxc3 20. Qh5+ 1-0

[Event "21. Copenhagen Open  (Politiken Cup)"]
[Site "Copenhagen"]
[Date "1999.07.03"]
[Round "1"]
[White "Henrichsen, Jens"]
[Black "Hansen, Sune Berg"]
[Result "0-1"]
[WhiteElo "2059"]
[BlackElo "2558"]
[PlyCount "46"]
[EventDate "1999.07.03"]
[EventType "swiss"]
[EventRounds "11"]
[EventCountry "DEN"]
[SourceDate "2004.01.01"]

1. d4 Nf6 2. c4 e6 3. Nf3 b6 4. g3 Ba6 5. b3 Bb7 6. Bg2 Bb4+ 7. Bd2 c5 8. Bxb4
cxb4 9. Nbd2 O-O 10. O-O d6 11. Qc2 Qc7 12. Rac1 Nbd7 13. Rfe1 a5 14. a4 bxa3
15. Ra1 e5 16. Rxa3 Rfe8 17. e4 exd4 18. Nxd4 Qc5 19. Qb2 Ne5 20. Bf1 Nxe4 21.
Rxe4 Bxe4 22. Nxe4 Qxd4 23. Qxd4 Nf3+ 0-1